000 00742nam a2200217Ii 4500
003 JO-AjNU
008 230605s9999||||xx |||||||||||||| ||und||
017 _a1986/46
040 _aJO-AjNU
_bara
_erda
_cJO-AjNU
041 _aara
050 1 4 _aPJ6151.M67 1986
100 3 _aالمتوكل، أحمد,
_eauthor
_916962
245 0 0 _aدراسات في نحو اللغة العربة الوظيفي
250 _aط1
264 3 1 _aالدار البيضاء: دار الثقافة للنشر والتوزيع، 1986
300 _a239ص
336 _atext
_btxt
_2rdacontent
337 _aunmediated
_bn
_2rdamedia
338 _avolume
_bnc
_2rdacarrier
650 4 _aاللغة العربية-النحو-نحو اللغة العربية
_916963
999 _aA5141
_c8709
_d8709